000 00957nam a2200289 i 4500
001 000049128
003 DO-SdBNP
005 20231127102341.0
007 ta
008 190722s2010 dr r 000 0 spa d
020 _a9789945469202
040 _aDO-SdBNP
_bspa
_cBNPHU
_erda
082 4 _222
100 1 _aPaíno Perdomo, Omar,
_d1972-
_934212
_eautor
245 1 0 _aBiodiversidad de la República Dominicana :
_bhongos /
_cOmar Paíno Perdomo.
260 _aSanto Domingo :
_bNacional,
_c2010.
264 _aSato Domingo :
_bNacional,
_c2010.
300 _a87 páginas ;
_c23 cm.
336 _2rdacontent
_atexto
_btxt
337 _2rdamedia
_asin mediación
_bn
338 _2rdacarrier
_avolumen
_bnc
500 _aIncluye datos biográficos del autor en las solapas
586 _aPremio Nacional de Ensayo Pedro Henríquez Ureña. Modalidad Ensayo Científico, 2008
590 _aInventariado, 2019/BT
910 _aBtavárez
942 _2ddc
_cLBS1
999 _c48616
_d48616